000
00355nam a2200169Ia 4500
005
20251020182546.0
008
200515s9999 xx 000 0 und d
082
_a
747:73/M81
100
_a
MOSTAEDI, Arian
245
0
_a
Design Hotels
260
_a
Barcelona
260
_c
s.a.
300
_a
239
650
_a
HOTELES
650
_a
LIB
942
_c
LIB
999
_c
2577
_d
2577